书目信息 |
| 题名: |
长江口潮滩沉积物-水界面营养盐环境生物地球化学过程
|
|
| 作者: | 刘敏 , 许世远 , 侯立军 著 | |
| 分册: | ||
| 出版信息: | 北京 科学出版社 2007 |
|
| 页数: | 273页 | |
| 开本: | 26cm | |
| 丛书名: | ||
| 单 册: | ||
| 中图分类: | TV152 , P736.21 | |
| 科图分类: | ||
| 主题词: | 河口淤积 , 沉积物 , 营养盐 , 环境地球化学 | |
| 电子资源: | ||
| ISBN: | 978-7-03-018374-3 | |
| 000 | 01303nam0 2200337 450 | |
| 001 | 003390613 | |
| 005 | 20070805145351.96 | |
| 010 | @a978-7-03-018374-3@b精装@dCNY55.00 | |
| 035 | @a003390613 | |
| 100 | @a20070104d2007 em y0chiy0110 ea | |
| 101 | 0 | @achi |
| 102 | @aCN@b110000 | |
| 105 | @ay z 000yy | |
| 106 | @ar | |
| 200 | 1 | @a长江口潮滩沉积物-水界面营养盐环境生物地球化学过程@Achang jiang kou chao tan chen ji wu - shui jie mian ying yang yan huan jing sheng wu di qiu hua xue guo cheng@f刘敏,许世远,侯立军著@Fliu min, xu shi yuan, hou li jun zhu |
| 210 | @a北京@c科学出版社@d2007 | |
| 215 | @a273页@d26cm | |
| 330 | @a本书论述了长江口潮滩营养盐的累积迁移与交换的模式与机制。内容包括:潮滩环境特征、潮滩营养物质的溯源分析、潮滩营养盐的时空分布与累积、潮滩沉积物营养盐的吸附过程与特征、以及典型河口过程对营养盐循环影响的实验模拟研究等。 | |
| 606 | 0 | @a河口淤积 |
| 606 | 0 | @a沉积物 |
| 606 | 0 | @a营养盐 |
| 606 | 0 | @a环境地球化学 |
| 607 | @a长江@x河口淤积@x沉积物@x营养盐@x环境地球化学@x研究 | |
| 607 | @a长江 | |
| 690 | @aTV152@v4 | |
| 690 | @aP736.21@v4 | |
| 701 | 0 | @a刘敏@Aliu min@c(环境生物学)@4著 |
| 701 | 0 | @a许世远@Axu shi yuan@c(环境生物学)@4著 |
| 701 | 0 | @a侯立军@Ahou li jun@c(环境生物学)@4著 |
| 801 | 0 | @aCN@bNLC@c20070805 |
| 905 | @dTV152@e32@f4 | |
| 长江口潮滩沉积物-水界面营养盐环境生物地球化学过程/刘敏,许世远,侯立军著.-北京:科学出版社,2007 |
| 273页;26cm |
| ISBN 978-7-03-018374-3(精装):CNY55.00 |
| 本书论述了长江口潮滩营养盐的累积迁移与交换的模式与机制。内容包括:潮滩环境特征、潮滩营养物质的溯源分析、潮滩营养盐的时空分布与累积、潮滩沉积物营养盐的吸附过程与特征、以及典型河口过程对营养盐循环影响的实验模拟研究等。 |
| ● |
| 相关链接 |
|
|
|
|
正题名:长江口潮滩沉积物-水界面营养盐环境生物地球化学过程
索取号:TV152/32
 
预约/预借
| 序号 | 登录号 | 条形码 | 馆藏地/架位号 | 状态 | 备注 |
| 1 | 0852909 | 208529092 | 第二样本阅览室/ [索取号:TV152/32] | 在馆 | |
| 2 | 0852910 | 208529109 | 第三借阅区/ [索取号:TV152/32] | 在馆 | |
| 3 | 0852911 | 208529118 | 第三借阅区/ [索取号:TV152/32] | 在馆 | |
| 4 | 0852912 | 208529127 | 第三借阅区/ [索取号:TV152/32] | 在馆 |